000 01423nam a22002417a 4500
003 BJBSDDR
005 20260511172648.0
006 a|||||r|||| 00| 0
007 ta
008 260511s20252010nju|||||r|||| 00| 0 eng d
020 _a9781668047033
040 _bspa
_cBJBSDDR
041 _aeng
050 _bM953e 2025
100 1 _aMukherjee, Siddhartha,
_d1970-
_983
245 1 4 _aThe emperor of all maladies :
_ba biography of cancer /
_cSiddhartha Mukherjee.
250 _apaperback edition
260 _aNew York :
_bScribner,
_c2025
300 _axviii, 697 pages :
_billustrations (16 unnumbered pages of plates) ;
_c25 cm
520 _aIn the years since Mukherjee dazzled readers with THE EMPEROR OF ALL MALADIES, much has changed in the universe of cancer--in our understanding of its causes; in our attempts to prevent it; and in the emerging and revolutionary new treatments, including those Mukherjee himself helped devise for leukemia and lymphoma. In four profound and revolutionary new chapters--essentially a new book about cancer--he illuminates the landscape of this disease with both a bird's-eye view and an acute focus on the role of the cell and its tissue environment. He also looks at new studies and to the future. Riveting, audacious, and now more urgent than ever in this vast updated THE EMPEROR OF ALL MALADIES is a masterpiece"--Front jacket flap.
942 _2lcc
_n0
_cBK
946 _illh
999 _c127050
_d127050